00481nam a2200169Ia 450000500170000000800410001702000180005804100080007608200180008410000130010224501090011526000320022430000090025650000170026565000160028270000130029820230426030426.0230125s9999 xx 000 0 und d a9780749463540 aeng a658.3125bWIL aWilson C aBest Practice in Performance CoachingbA handbook for leaders coaches HR professionals and organizations c2007bKogan PageaNew Delhi a234p aPerformance  aPerformance aWilson C